Kajal Kotha (Record no. 327191)

000 -LEADER
fixed length control field 00320 a2200133 4500
001 - CONTROL NUMBER
control field 92118
082 ## - DEWEY DECIMAL CLASSIFICATION NUMBER
Classification number 891.4393 YAH
090 ## - LOCALLY ASSIGNED LC-TYPE CALL NUMBER (OCLC); LOCAL CALL NUMBER (RLIN)
-- 44082
-- 44081
100 ## - MAIN ENTRY--PERSONAL NAME
Personal name Baba Muhammad Yahya Khan
245 ## - TITLE STATEMENT
Title Kajal Kotha
260 ## - PUBLICATION, DISTRIBUTION, ETC.
Place of publication, distribution, etc. Lahore
Name of publisher, distributor, etc. Sang e Meel Publications
Date of publication, distribution, etc. 2014
300 ## - PHYSICAL DESCRIPTION
Extent 968p.
Other physical details Hb
500 ## - GENERAL NOTE
General note General Book
942 ## - ADDED ENTRY ELEMENTS (KOHA)
Institution code [OBSOLETE] CAE NUST
Call number prefix 891.4393 YAH
Holdings
Withdrawn status Lost status Damaged status Not for loan Collection code Permanent Location Current Location Date acquired Total Checkouts Full call number Barcode Date last seen Price effective from Koha item type
          College of Aeronautical Engineering (CAE) College of Aeronautical Engineering (CAE) 04/03/2017   891.4393 YAH CAE88505 04/05/2017 04/05/2017 Book
© 2023 Central Library, National University of Sciences and Technology. All Rights Reserved.